| 000 | 01057 a2200229 4500 | ||
|---|---|---|---|
| 005 | 20150414020002.0 | ||
| 008 | 150409b1999 ck il. | |||| 00| 0 spa d | ||
| 040 |
_aCO-BoIAVH _cCO-BoIAVH |
||
| 041 | _aspa | ||
| 090 |
_aIAVH _b00129 |
||
| 100 | 1 |
_aSchütze Páez, Klaus _933687 |
|
| 245 | 1 | 0 |
_aLa cobertura vegetal del Municipio de Villa de Leyva: _bpresentación power point |
| 260 |
_aVilla de Leyva (Boyacá): _bINstituto de Investigación de Recursos Biológicos Alexander von Humboldt, _c1999. |
||
| 300 |
_a36 p. _bilustraciones a color _c28 cm. |
||
| 500 | _aPresentación power point | ||
| 650 | 4 |
_aCobertura vegetal _vseminarios, conferencias, etc. _933688 |
|
| 650 | 4 |
_aAves _vseminarios, conferencias, etc. _933689 |
|
| 650 | 4 |
_aPlantas _vseminarios, conferencias, etc. _933690 |
|
| 650 | 4 |
_aVegetación _vseminarios, conferencias, etc. _933691 |
|
| 773 | 0 |
_dVilla de Leyva (Boyacá) Instituto de Investigación̤ de Recursos Biológ̤icos Alexander von Humboldt 1999 _tLa cobertura vegetal del Municipio de Villa de Leyva |
|
| 942 |
_2z _cINFORME _01 |
||
| 999 |
_c17430 _d17430 |
||